Statistics for Blue Sky Studios Animated Movies

Click here to take the quiz!

General Stats

  • This quiz has been taken 475 times
    (308 since last reset)
  • The average score is 9 of 13

Answer Stats

YearMovie% Correct
2002Ice Age
94%
2006Ice Age: The Meltdown
90%
2012Ice Age: Continental Drift
89%
2009Ice Age: Dawn of the Dinosaurs
89%
2016Ice Age: Collision Course
86%
2011Rio
79%
2014Rio 2
77%
2005Robots
67%
2019Spies in Disguise
58%
2015The Peanuts Movie
55%
2013Epic
54%
2008Dr. Seuss' Horton Hears a Who!
53%
2017Ferdinand
53%

Score Distribution

Percentile by Number Answered

Percent of People with Each Score

Your Score History

You have not taken this quiz since the last reset